000 00656nam a2200229 i 4500
001 C2-0235482
003 PPAK
005 20180727195540.0
008 010905s1964 io |||| ||||| | may d
040 _aPPAK
_beng
_cPPAK
_erda
082 0 4 _a899.240081
_223
090 0 0 _a899.240081
_bDAR
_dKAM
100 1 _aDarnawi, Soesatyo,
_cDrs.
_eauthor
245 1 0 _aPengantar Puisi Djawa
264 1 _aDjakarta, Indonesia :
_bPN. Balai Pustaka ,
_c1964
300 _a84 pages ;
_c16 cm
336 _2rdacontent
_atext
337 _2rdamedia
_aunmediated
338 _2rdacarrier
_avolume
650 1 0 _aJavanese poetry - History and criticism
942 _ddc
_cB
999 _c51467
_d51467